Normal view
MARC view
Entry Topical Term
001 - CONTROL NUMBER
- control field: 21081
003 - CONTROL NUMBER IDENTIFIER
- control field: OSt
005 - DATE AND TIME OF LATEST TRANSACTION
- control field: 20151218123959.0
008 - FIXED-LENGTH DATA ELEMENTS
- fixed length control field: 151218|| aca||aabn | a|a d
040 ## - CATALOGING SOURCE
- Original cataloging agency: OSt
- Transcribing agency: OSt
150 ## - HEADING--TOPICAL TERM
- Topical term or geographic name entry element: Child Rearing
670 ## - SOURCE DATA FOUND
- Source citation: Work cat.: (OSt)39630: The University Society 21026, The Bookshelf for Boys and Girls, 1897









